An Investigation into Difficulties in English Pronunciation of the First year Students of English Department at the College of Foreign Language, University of Danang /

Αποθηκεύτηκε σε:
Λεπτομέρειες βιβλιογραφικής εγγραφής
Κύριος συγγραφέας: Trà Huyền Trang
Μορφή: Βιβλίο
Γλώσσα:English
Έκδοση: DHNN, 2014.
Θέματα:
Ετικέτες: Προσθήκη ετικέτας
Δεν υπάρχουν, Καταχωρήστε ετικέτα πρώτοι!
Thư viện lưu trữ: Mạng thư viện Đại học Đà Nẵng
LEADER 01227nam a22003371a 4500
001 000041295
003 17595
005 20230318143230.0
008 170426s2014 vm 000 eng
040 |a LNN 
041 |a eng 
082 |a 428.3  |b TR-T 
100 |a Trà Huyền Trang 
245 3 |a An Investigation into Difficulties in English Pronunciation of the First year Students of English Department at the College of Foreign Language, University of Danang /  |c Trà Huyền Trang. 
260 |a DHNN,  |c 2014. 
300 |a 73tr . : ill ; 30cm. 
650 |a Difficulties in English Pronunciation . 
852 |b P.Doc  |c Luận văn sinh viên 
OWN |a LNN 
AVA |a UDN50  |b LNN  |c English  |d 428.3 TR-T  |e available  |t Error 5001 Not defined in file expand_doc_bib_avail.  |f 1  |g 0  |h N  |i 0  |j AN  |k 1 
999 |a From the UDN01 
AVA |a UDN50  |b LNN  |c English  |d 428.3 TR-T  |e available  |t Error 5001 Not defined in file expand_doc_bib_avail.  |f 1  |g 0  |h N  |i 0  |j AN  |k 1 
TYP |a Monograph 
TYP |a Printed language 
980 |a Mạng thư viện Đại học Đà Nẵng